Determination technique of quasireference value of a carrier radio signal frequency of uncooperated onboard lighting source during radio monitoring; IOP Conference Series: Materials Science and Engineering; Vol. 457 : Modern Technologies for Non-Destructive Testing

Bibliographic Details
Parent link:IOP Conference Series: Materials Science and Engineering
Vol. 457 : Modern Technologies for Non-Destructive Testing.— 2019.— [012010, 7 p.]
Corporate Author: Национальный исследовательский Томский политехнический университет Инженерная школа неразрушающего контроля и безопасности Отделение контроля и диагностики
Other Authors: Boev S. F., Vikulova Y. M., Chebotar I. V., Baldytchev M. T., Gaychuk Y. N., Galtseva (Gal’tseva) O. V. Olga Valerievna
Summary:Title screen
The article discloses the technique defining quasireference value of a carrier radio signal frequency of uncooperated onboard lighting source by calculation and compensation of the Doppler shift at radio monitoring. Provided simulation results show checked operability of the offered technique with assessment of observation accuracy and received quasireference value of a carrier frequency accepted a radio signal compared with real sample under various conditions.
Language:English
Published: 2019
Subjects:
Online Access:http://dx.doi.org/10.1088/1757-899X/457/1/012010
http://earchive.tpu.ru/handle/11683/52999
Format: Electronic Book Chapter
KOHA link:https://koha.lib.tpu.ru/cgi-bin/koha/opac-detail.pl?biblionumber=659647

MARC

LEADER 00000nla2a2200000 4500
001 659647
005 20231219160748.0
035 |a (RuTPU)RU\TPU\network\28316 
035 |a RU\TPU\network\28084 
090 |a 659647 
100 |a 20190313d2019 k y0engy50 ba 
101 0 |a eng 
102 |a GB 
105 |a y z 100zy 
135 |a vrcn ---uucaa 
181 0 |a i  
182 0 |a b 
200 1 |a Determination technique of quasireference value of a carrier radio signal frequency of uncooperated onboard lighting source during radio monitoring  |f S. F. Boev [et al.] 
203 |a Text  |c electronic 
300 |a Title screen 
320 |a [References: 6 tit.] 
330 |a The article discloses the technique defining quasireference value of a carrier radio signal frequency of uncooperated onboard lighting source by calculation and compensation of the Doppler shift at radio monitoring. Provided simulation results show checked operability of the offered technique with assessment of observation accuracy and received quasireference value of a carrier frequency accepted a radio signal compared with real sample under various conditions. 
461 1 |0 (RuTPU)RU\TPU\network\2008  |t IOP Conference Series: Materials Science and Engineering 
463 1 |0 (RuTPU)RU\TPU\network\28312  |t Vol. 457 : Modern Technologies for Non-Destructive Testing  |o VII International Conference, 8–13 October 2018, Tomsk, Russian Federation  |o [proceedings]  |v [012010, 7 p.]  |d 2019 
610 1 |a электронный ресурс 
610 1 |a труды учёных ТПУ 
610 1 |a радиосигналы 
610 1 |a источники 
610 1 |a освещение 
610 1 |a радиомониторинг 
610 1 |a радиолокация 
610 1 |a беспилотные летательные аппараты 
610 1 |a радиолокационные станции 
701 1 |a Boev  |b S. F. 
701 1 |a Vikulova  |b Y. M. 
701 1 |a Chebotar  |b I. V. 
701 1 |a Baldytchev  |b M. T. 
701 1 |a Gaychuk  |b Y. N. 
701 1 |a Galtseva (Gal’tseva)  |b O. V.  |c specialist in the field of electrical engineering  |c associate Professor of Tomsk Polytechnic University, candidate of technical Sciences  |f 1979-  |g Olga Valerievna  |3 (RuTPU)RU\TPU\pers\33523  |9 17191 
712 0 2 |a Национальный исследовательский Томский политехнический университет  |b Инженерная школа неразрушающего контроля и безопасности  |b Отделение контроля и диагностики  |3 (RuTPU)RU\TPU\col\23584 
801 1 |a RU  |b 63413507  |c 20150101  |g RCR 
801 2 |a RU  |b 63413507  |c 20190319  |g RCR 
856 4 |u http://dx.doi.org/10.1088/1757-899X/457/1/012010 
856 4 |u http://earchive.tpu.ru/handle/11683/52999 
942 |c CF